000 01008nam a2200289 i 4500
001 C2-0343031
003 PPAK
005 20180728144303.0
008 170821s2012 caua|||| ||||| | eng d
020 _a9781433336713
040 _aPPAK
_beng
_cPPAK
_erda
082 0 4 _a428.6
_223
090 0 0 _a428.6
_bRIC
_dK
100 1 _aRice, Wlliam B.,
_eauthor
245 1 0 _aAmazon rainforest
264 1 _aHuntington Beach, California :
_bTeacher Created Materials ,
_c2012
300 _a32 pages :
_bcolour photographs ;
_c23 cm
336 _2rdacontent
_atext
337 _2rdamedia
_aunmediated
338 _2rdacarrier
_avolume
490 1 _aTime for kids nonfiction readers
500 _aLevel : 3.5 (Word Count : 1081) ; Reading Level Correlations : Early Intervention Level 22, Guided Reading Level O
650 1 0 _aReaders. ; Rain forest ecology - Amazon River Region - Juvenile literature.
700 1 _aAcosta, Jamey,
_eeditor
830 0 _aTime for kids nonfiction readers
942 _ddc
_cB
999 _c139918
_d139918